<?xml version="1.0" encoding="UTF-8"?>
<record
    xmlns:xsi="http://www.w3.org/2001/XMLSchema-instance"
    xsi:schemaLocation="http://www.loc.gov/MARC21/slim http://www.loc.gov/standards/marcxml/schema/MARC21slim.xsd"
    xmlns="http://www.loc.gov/MARC21/slim">

  <leader>00631nam a22001337a 4500</leader>
  <datafield tag="040" ind1=" " ind2=" ">
    <subfield code="c">RUA</subfield>
  </datafield>
  <datafield tag="082" ind1=" " ind2=" ">
    <subfield code="a">AVM BRA 2018 B654 Or.1</subfield>
  </datafield>
  <datafield tag="100" ind1=" " ind2=" ">
    <subfield code="a">BRAK DARA &#x1794;&#x17D2;&#x179A;&#x17B6;&#x1780;&#x17CB; &#x178A;&#x17B6;&#x179A;&#x17B6;</subfield>
  </datafield>
  <datafield tag="245" ind1=" " ind2=" ">
    <subfield code="a">hemoparasites in cattle at tangsya commune, phnom srouch district, kampong speu province  &#x1794;&#x179A;&#x17B6;&#x179F;&#x17B7;&#x178F;&#x1780;&#x17D2;&#x1793;&#x17BB;&#x1784;&#x1788;&#x17B6;&#x1798;&#x1782;&#x17C4;&#x1793;&#x17C5;&#x178F;&#x17B6;&#x17C6;&#x179F;&#x17D2;&#x1799;&#x17B6; &#x179F;&#x17D2;&#x179A;&#x17BB;&#x1780;&#x1797;&#x17D2;&#x1793;&#x17C6;&#x179F;&#x17D2;&#x179A;&#x17BD;&#x1785; &#x1781;&#x17C1;&#x178F;&#x17D2;&#x178F;&#x1780;&#x17C6;&#x1796;&#x1784;&#x179F;&#x17D2;&#x1796;&#x17BA;</subfield>
  </datafield>
  <datafield tag="260" ind1=" " ind2=" ">
    <subfield code="a">RUA</subfield>
    <subfield code="b">Phnom penh </subfield>
    <subfield code="c">2018 </subfield>
  </datafield>
  <datafield tag="300" ind1=" " ind2=" ">
    <subfield code="a">ix;33p</subfield>
    <subfield code="b">ill;</subfield>
    <subfield code="c">29cm</subfield>
  </datafield>
  <datafield tag="856" ind1=" " ind2=" ">
    <subfield code="u">https://drive.google.com/file/d/12LH62gjwyEsAPGI--ZKMourCwtVw28EF/view?usp=sharing</subfield>
  </datafield>
  <datafield tag="942" ind1=" " ind2=" ">
    <subfield code="c">AVM</subfield>
  </datafield>
  <datafield tag="999" ind1=" " ind2=" ">
    <subfield code="c">18518</subfield>
    <subfield code="d">18518</subfield>
  </datafield>
  <datafield tag="952" ind1=" " ind2=" ">
    <subfield code="0">0</subfield>
    <subfield code="1">0</subfield>
    <subfield code="2">ddc</subfield>
    <subfield code="4">0</subfield>
    <subfield code="6">AVM_BRA_2018_000000000000000_B654_OR_1</subfield>
    <subfield code="7">0</subfield>
    <subfield code="9">82692</subfield>
    <subfield code="a">LBB</subfield>
    <subfield code="b">LBB</subfield>
    <subfield code="c">B654</subfield>
    <subfield code="d">2019-12-13</subfield>
    <subfield code="l">6</subfield>
    <subfield code="o">AVM BRA 2018 B654 Or.1</subfield>
    <subfield code="p">A063851</subfield>
    <subfield code="r">2025-01-22</subfield>
    <subfield code="s">2024-12-17</subfield>
    <subfield code="w">2019-12-13</subfield>
    <subfield code="y">AVM</subfield>
  </datafield>
  <datafield tag="952" ind1=" " ind2=" ">
    <subfield code="0">0</subfield>
    <subfield code="1">0</subfield>
    <subfield code="2">ddc</subfield>
    <subfield code="4">0</subfield>
    <subfield code="6">AVM_BRA_2018_000000000000000_B654_OR_2</subfield>
    <subfield code="7">0</subfield>
    <subfield code="9">82694</subfield>
    <subfield code="a">LBB</subfield>
    <subfield code="b">LBB</subfield>
    <subfield code="c">B654</subfield>
    <subfield code="d">2019-12-13</subfield>
    <subfield code="l">2</subfield>
    <subfield code="o">AVM BRA 2018 B654 Or.2</subfield>
    <subfield code="p">A063935</subfield>
    <subfield code="r">2025-01-03</subfield>
    <subfield code="s">2024-11-29</subfield>
    <subfield code="w">2019-12-13</subfield>
    <subfield code="y">AVM</subfield>
  </datafield>
  <datafield tag="952" ind1=" " ind2=" ">
    <subfield code="0">0</subfield>
    <subfield code="1">0</subfield>
    <subfield code="2">ddc</subfield>
    <subfield code="4">0</subfield>
    <subfield code="6">AVM_BRA_2018_000000000000000_B654_OR_3</subfield>
    <subfield code="7">0</subfield>
    <subfield code="9">82695</subfield>
    <subfield code="a">LBB</subfield>
    <subfield code="b">LBB</subfield>
    <subfield code="c">B654</subfield>
    <subfield code="d">2019-12-13</subfield>
    <subfield code="l">3</subfield>
    <subfield code="o">AVM BRA 2018 B654 Or.3</subfield>
    <subfield code="p">A063853</subfield>
    <subfield code="q">2022-02-26</subfield>
    <subfield code="r">2022-02-09</subfield>
    <subfield code="s">2022-02-09</subfield>
    <subfield code="w">2019-12-13</subfield>
    <subfield code="y">AVM</subfield>
  </datafield>
  <datafield tag="952" ind1=" " ind2=" ">
    <subfield code="0">0</subfield>
    <subfield code="1">0</subfield>
    <subfield code="2">ddc</subfield>
    <subfield code="4">0</subfield>
    <subfield code="6">AVM_BRA_2018_000000000000000_B654_OR_4</subfield>
    <subfield code="7">0</subfield>
    <subfield code="9">82696</subfield>
    <subfield code="a">LBB</subfield>
    <subfield code="b">LBB</subfield>
    <subfield code="c">B654</subfield>
    <subfield code="d">2019-12-13</subfield>
    <subfield code="o">AVM BRA 2018 B654 Or.4</subfield>
    <subfield code="p">A061857</subfield>
    <subfield code="r">2019-12-13</subfield>
    <subfield code="w">2019-12-13</subfield>
    <subfield code="y">AVM</subfield>
  </datafield>
  <datafield tag="952" ind1=" " ind2=" ">
    <subfield code="0">0</subfield>
    <subfield code="1">0</subfield>
    <subfield code="2">ddc</subfield>
    <subfield code="4">0</subfield>
    <subfield code="6">AVM_BRA_2018_000000000000000_B654_OR_4</subfield>
    <subfield code="7">0</subfield>
    <subfield code="9">82697</subfield>
    <subfield code="a">LBB</subfield>
    <subfield code="b">LBB</subfield>
    <subfield code="c">B654</subfield>
    <subfield code="d">2019-12-13</subfield>
    <subfield code="l">4</subfield>
    <subfield code="o">AVM BRA 2018 B654 Or.4</subfield>
    <subfield code="p">A063857</subfield>
    <subfield code="r">2023-10-18</subfield>
    <subfield code="s">2023-09-13</subfield>
    <subfield code="w">2019-12-13</subfield>
    <subfield code="y">AVM</subfield>
  </datafield>
  <datafield tag="952" ind1=" " ind2=" ">
    <subfield code="0">0</subfield>
    <subfield code="1">0</subfield>
    <subfield code="2">ddc</subfield>
    <subfield code="4">0</subfield>
    <subfield code="6">AVM_BRA_2018_000000000000000_B654_OR_5</subfield>
    <subfield code="7">0</subfield>
    <subfield code="9">82698</subfield>
    <subfield code="a">LBB</subfield>
    <subfield code="b">LBB</subfield>
    <subfield code="d">2019-12-13</subfield>
    <subfield code="l">2</subfield>
    <subfield code="o">AVM BRA 2018 B654 Or.5</subfield>
    <subfield code="p">A063913</subfield>
    <subfield code="r">2023-08-07</subfield>
    <subfield code="s">2023-08-01</subfield>
    <subfield code="w">2019-12-13</subfield>
    <subfield code="y">AVM</subfield>
  </datafield>
  <datafield tag="952" ind1=" " ind2=" ">
    <subfield code="0">0</subfield>
    <subfield code="1">0</subfield>
    <subfield code="2">ddc</subfield>
    <subfield code="4">0</subfield>
    <subfield code="6">AVM_BRA_2018_000000000000000_B654_OR_6</subfield>
    <subfield code="7">0</subfield>
    <subfield code="9">82699</subfield>
    <subfield code="a">LBB</subfield>
    <subfield code="b">ML</subfield>
    <subfield code="d">2019-12-13</subfield>
    <subfield code="l">7</subfield>
    <subfield code="o">AVM BRA 2018 B654 Or.6</subfield>
    <subfield code="p">A063617</subfield>
    <subfield code="q">2026-07-01</subfield>
    <subfield code="r">2026-06-12</subfield>
    <subfield code="s">2026-06-12</subfield>
    <subfield code="w">2019-12-13</subfield>
    <subfield code="y">AVM</subfield>
  </datafield>
</record>
